The theory of capitalist imperialism

Сохранить в:
Библиографические подробности
Главный автор: Fieldhouse, D.K
Формат:
Опубликовано: London : Longman, c1967
Предметы:
Метки: Добавить метку
Нет меток, Требуется 1-ая метка записи!

MARC

LEADER 00000nam a2200000 4500
020 |a  0582313627  |c TZs.2000/- 
040 |a MUL  |b eng  |e AACR 
082 |a 330.122 FIE 
100 |a Fieldhouse, D.K. 
245 |a The theory of capitalist imperialism   |c / D. K. Fieldhouse  
260 |a London :  |b Longman,   |c c1967 
300 |a xix202 p.:  |c 20cm 
504 |a Includes index 
546 |a eng 
650 |a Capitalism 
650 |a Imperialism 
942 |c BK 
999 |c 7912  |d 7912